The dangers of nostalgia. (Record no. 90100)
[ view plain ]
| 000 -LEADER | |
|---|---|
| fixed length control field | 01103cam a22002771 4500 |
| 001 - CONTROL NUMBER | |
| control field | sd 65000003 |
| 003 - CONTROL NUMBER IDENTIFIER | |
| control field | DLC |
| 005 - DATE AND TIME OF LATEST TRANSACTION | |
| control field | 20260227112737.0 |
| 008 - FIXED-LENGTH DATA ELEMENTS--GENERAL INFORMATION | |
| fixed length control field | 771007s1965 dcu f000 0 eng c |
| 010 ## - LIBRARY OF CONGRESS CONTROL NUMBER | |
| LC control number | sd 65000003 |
| 035 ## - SYSTEM CONTROL NUMBER | |
| System control number | (OCoLC)3324765 |
| 040 ## - CATALOGING SOURCE | |
| Original cataloging agency | U. S. Dept. of State |
| Transcribing agency | MH |
| Modifying agency | OCoLC |
| -- | DLC |
| 042 ## - AUTHENTICATION CODE | |
| Authentication code | premarc |
| 050 00 - LIBRARY OF CONGRESS CALL NUMBER | |
| Classification number | E840 |
| Item number | .B3 |
| 100 1# - MAIN ENTRY--PERSONAL NAME | |
| Personal name | Ball, George W. |
| 245 14 - TITLE STATEMENT | |
| Title | The dangers of nostalgia. |
| 260 ## - PUBLICATION, DISTRIBUTION, ETC. | |
| Place of publication, distribution, etc. | [Washington] |
| Name of publisher, distributor, etc. | Dept. of State; [for sale by the Superintendent of Documents, U.S. Govt. Print. Off., |
| Date of publication, distribution, etc. | 1965] |
| 300 ## - PHYSICAL DESCRIPTION | |
| Extent | 15 p. |
| Dimensions | 19 cm. |
| 490 1# - SERIES STATEMENT | |
| Series statement | Department of State publication 7858. General foreign policy series, |
| Volume/sequential designation | 201 |
| 500 ## - GENERAL NOTE | |
| General note | Cover title. |
| 500 ## - GENERAL NOTE | |
| General note | "Based on an address ... before the National Foreign Policy Conference for Nongovernmental Organizations at Washington, D. C., on March 16, 1965." |
| 651 #0 - SUBJECT ADDED ENTRY--GEOGRAPHIC NAME | |
| Geographic name | United States |
| General subdivision | Foreign relations |
| Chronological subdivision | 1961-1963. |
| 651 #0 - SUBJECT ADDED ENTRY--GEOGRAPHIC NAME | |
| Geographic name | United States |
| General subdivision | Foreign relations |
| Chronological subdivision | 1963-1969. |
| 650 #0 - SUBJECT ADDED ENTRY--TOPICAL TERM | |
| Topical term or geographic name entry element | World politics |
| Chronological subdivision | 1955-1965. |
| 830 #0 - SERIES ADDED ENTRY--UNIFORM TITLE | |
| Uniform title | Department of State publication. |
| Name of part/section of a work | General foreign policy series ; |
| Volume/sequential designation | 201. |
No items available.